Регионална библиотека "Любен Каравелов" - Русе

Alex et Zoe et compagnie (Запис номер 106915)

MARC детайли
000 -Лидер
Контролно поле с фиксирана дължина 01132nam a2200313 c 4500
003 - Код на организацията, давaща контролен номер
Контролно поле BLK
005 - Дата и час на последна редакция
Контролно поле 20180420230441.0
008 - Елементи от данни с фиксирана дължина
fixed length control field 180409b bul|||||r ||||||| ||bul||
010 ## - Наследен системен номер
LC control number KNG00112184000
020 ## - Международен стандартен номер на книга ISBN
Международен стандартен номер на книга ISBN 2-09-033932-2
-- издат.: CLE Intern.
040 ## - Източник на каталожния запис
Идентификатор на билиотеката - собственик на записа BLK
041 ## - Код за език
Код за езика на текст/звукозапис или на отделно заглавие Френски
Код за езика КДБФ Български
080 ## - УДК
Текстов определител УДК Френски език - учебни предмети
УДК код - определител по УДК 373.3.016:811.133.1
УДК определител (075.2)
УДК - код + определител 373.3.016:811.133.1(075.2)
100 1# - Редна дума - Автор
Автор Samson, Colette
Авторска отговорност първи автор
R(LIN) 23199
139 ## - Редно поле
Редна дума Samson, Colette
Авторски знак Sam - S 19
245 10 - Сведения за заглавието
Заглавие Alex et Zoe et compagnie
Подзаглавни данни T. 1 -
Редно поле (дума) Colette Samson.
Том T. 3
Заглавие на том Livre de l'eleve
257 ## - Страна на издаване
Страна на създаване/издаване Франция
260 ## - Област на издателските данни
-- Paris
Име на издателя, разпространителя и проч. CLE Intern.
Година на издаване 2000-
380 ## - Жанр
Жанр Обществени науки
650 #4 - Допълнително описание по предмет – тема
Основно описание – тема или топоним Френски език - учебници за основни училища
9 (RLIN) 242512
653 ## - Ключова дума – ненормативна
Ключова дума френски език
653 ## - Ключова дума – ненормативна
Ключова дума учебници за основни училища
760 1# - Описание на основната серия
Редна дума на основното описание Samson, Colette
Място на издаване, издател и година 2003
Страници - том 72 c. : с ил.
Заглавие T. 3 Livre de l'eleve
852 ## - Местоположение
Форматна сигнатура Цб ІІ 12557
856 4# - Електронен адрес и достъп
Електронен формат pdf - файл
Път до файла /url/
856 4# - Електронен адрес и достъп
Електронен формат pdf - файл
Път до файла /url/
942 ## - АРТИКУЛИ
Вид на библиотечния материал Книги
Скрит в OPAC Не
944 ## - СЪЗДАВАНЕ И РЕДАКЦИЯ на ЗАПИСА
Създаване/Редакция Създаване
Дата на регистрацията/редакция 08.04.2004
Служител, извършил регистрацията/редакцията Теодора_Стоянова
944 ## - СЪЗДАВАНЕ И РЕДАКЦИЯ на ЗАПИСА
Създаване/Редакция Редакция
Дата на регистрацията/редакция 15.04.2004
Служител, извършил регистрацията/редакцията
999 ## - СИСТЕМНИ КОНТРОЛНИ НОМЕРА
Koha biblionumber 106915
Koha biblioitemnumber 106915
Наличности
Код за отписване Код за изгубен артикул Код за повреда Коз за рестрикции Код за отдаване Артикулен № Име на библиотеката - собственик Име на библиотеката, в която се намира в момента Статус (Текущо местоположение) Дата на вписване в системата Местоположение - отдел Цена в лева Инвентарен номер Систематично азбучна сигнатура Баркод Номер на екземпляра Цена в евро Служебна бележка Служебен тип на артикула
  Не е изгубен Не е повреден без рестрикции заемане за дома 172629 Регионална библиотека "Любен Каравелов" Русе Регионална библиотека "Любен Каравелов" Русе ЧЧЗО - англ. ез. - Британски съвет 2004-04-09 ЧЧЗО - англ. ез. - Британски съвет 8.00 120000684410 Цб ІІ 12557 120000684410 1 4.09 Дост: DA Вид: А N: 11 Дата: 08.04.2004 Дата инв: 25.03.2015 Бележки инв: Ч32015 Книги
Vip Innovations Ltd, Rousse, Bulgaria 2025